[Event "SVK-chT3B2 1819"]
[Site "Slovakia"]
[Date "2018.12.09"]
[Round "4.6"]
[White "Kucharek, Tibor"]
[Black "Zdrazil, Patrik"]
[Result "1-0"]
[WhiteElo "1660"]
[BlackElo "1559"]
[PlyCount "131"]
[EventDate "2018.10.21"]
[EventType "team-tourn"]
[EventRounds "11"]
[EventCountry "SVK"]
[SourceTitle "CBM 189 Extra"]
[Source "ChessBase"]
[SourceDate "2019.06.03"]
[SourceVersion "1"]
[SourceVersionDate "2019.06.03"]
[SourceQuality "1"]
[WhiteTeam "Dubnica nad Vahom  III"]
[BlackTeam "Povazske Podhradie "]
[WhiteTeamCountry "SVK"]
[BlackTeamCountry "SVK"]

1. d4 Nf6 2. c4 g6 3. Nc3 d5 4. Nf3 Bg7 5. e3 0-0 6. Bd3 c5 7. 0-0 Bg4 8. cxd5 cxd4 9. exd4 Nxd5 10. Be4 Nxc3 11. bxc3 Nc6 12. h3 Bxf3 13. Qxf3 Qa5 14. Rb1 Rab8 15. Bxc6 bxc6 16. Rxb8 Rxb8 17. Qxc6 Qxa2 18. Bf4 Rf8 19. Re1 e6 20. Bd6 Rd8 21. Be7 Rb8 22. Qc7 Ra8 23. Qb7 Qd5 24. Qxd5 exd5 25. Ra1 a5 26. Ra4 Bf8 27. Bb4 Bh6 28. Rxa5 Rxa5 29. Bxa5 Kg7 30. Kf1 Kf6 31. Ke2 Ke6 32. Kd3 f5 33. c4 dxc4+ 34. Kxc4 Bg7 35. d5+ Kd7 36. Bb4 Be5 37. g3 Bf6 38. f4 h5 39. Bc3 Bd8 40. Kc5 Be7+ 41. Kd4 Bf6+ 42. Kd3 Bd8 43. Be5 Bb6 44. Ke2 Bc5 45. Kf3 Bb6 46. g4 Bd8 47. gxh5 gxh5 48. Ke3 Bb6+ 49. Kd3 Bf2 50. Kc4 Bb6 51. Kb5 Be3 52. d6 Bc1 53. Kc5 Be3+ 54. Kd5 Bf2 55. Bf6 Be1 56. Ke5 Bd2 57. Be7 Bc3+ 58. Kxf5 Bb4 59. Kg6 Ke6 60. Kxh5 Kf5 61. h4 Bc5 62. Kh6 Bb4 63. Kg7 Ke6 64. h5 Kf5 65. h6 Bc3+ 66. Kg8 1-0

[Event "SVK-chT3B2 1718"]
[Site "Slovakia"]
[Date "2018.02.18"]
[Round "9.6"]
[White "Sofer, Jozef"]
[Black "Kucharek, Tibor"]
[Result "1/2-1/2"]
[WhiteElo "1888"]
[BlackElo "1690"]
[PlyCount "33"]
[EventDate "2017.10.08"]
[EventType "team-tourn"]
[EventRounds "11"]
[EventCountry "SVK"]
[SourceTitle "EXT 2020"]
[Source "ChessBase"]
[SourceDate "2019.10.17"]
[SourceVersion "1"]
[SourceVersionDate "2019.10.17"]
[SourceQuality "1"]
[WhiteTeam "Trencin II"]
[BlackTeam "Dubnica nad Vahom III"]
[WhiteTeamCountry "SVK"]
[BlackTeamCountry "SVK"]

1. d4 Nf6 2. Nc3 d5 3. Bg5 h6 4. Bh4 Bf5 5. e3 e6 6. g4 Bh7 7. f3 c5 8. Bd3 cxd4 9. exd4 Bxd3 10. Qxd3 g5 11. Bg3 Nc6 12. a3 a6 13. h4 Nd7 14. hxg5 Qxg5 15. Bh4 Qg6 16. Qxg6 fxg6 17. Nce2 1/2-1/2